000 00642nam a2200253Ia 4500
001 18237
003 GE_BSU
008 181216s||||||||xx |||||||||||||| ||und||
020 _a9781471500213
040 _cGE_BSU
080 _a811.111(075.8)
100 _aEvans, Virginia. Dooley,Jenny
245 _aPrime Time 4. Student's Book
260 _aNewbury
260 _bExpress Publishing
260 _c2012
300 _a135p;ill,col,30cm.
300 _e+1CD
541 _h42gel.
653 _aPrime Time 4
653 _aStudent's Book
653 _aინგლისური ენა (გრამატიკა)
942 _cBK
999 _c51275
_d51275